000 01183nam a22003017a 4500
005 20080929101452.0
008 080929t xxu||||| |||| 00| 0chin d
010 _aHIN-92158
020 _a9788188803156
_c120.00
035 _aHN-64504
037 _bDBAD / PUB
040 _aDPL
_bHN
082 _a821
100 _926640
_aओमसिहं अशफा़क
245 _aइसी दौर में /
_cओमसिहं अशफ़ाक
246 _aIsee Dor Mein
_bby Om singh Ashfak
260 _aपंचकूला
_bसतलुज प्रकाशन
_c2010
270 _aएस. सी. एफ. 267 (द्वितीय तल), सेक्टर-16
_bपंचकूला (हरियाणा)
_e134113
300 _a95पृ.
_c22सेमी (सजिल्द)
650 _9697
_aहिन्दी कविता
650 _926793
_aHindi Poetry
650 _926674
650 _9698
700 _926643
710 _926662
942 _2ddc
_cHN
_h821
_mओमसिं
999 _c51251
_d51251